MDQL
is popping MORE tags! Check the
thread
!
Quizzes
Events
Quiz Creation
Community
Videos
Private Events
Remove Ads
Sign In
Join for FREE
Feedback
Dark Mode
Quiz Categories
Sports
Geography
Music
Movies
Television
Just For Fun
Miscellaneous
History
Literature
Language
Science
Gaming
Entertainment
Religion
Holiday
For Kids
Quiz Lab
Recent
Popular Today
Quiz Kudos Today
Editor Picks
Curator Picks
Quizzes by...
Day
Popularity
Type
Ratings
Length
Year
Community
Subscriptions
Recent Discussions
Orange Saloon
Badges
Playlists
Quests
Create
Leaderboards
Showdown
Live 5
Trivia Bingo
Activity
Puzzle Library
Sporcle Events
Private Events
Virtual Trivia
Globe League
Become a Host
Pub Owners
SporcleCon
Opinionation
Our Games
Videos
Blog
Mobile Apps
Partnerships
Remove Ads and Go Orange
Feedback
Sports
Athletes
MLB
NBA
NHL
NFL
Soccer
Sports Teams
WWE
NCAA
Football
Premier League
Basketball
Baseball
Hockey
Golf
Tennis
Cricket
Rugby
Auto Racing
Olympics
World Cup
Sports
Athletes
MLB
NBA
NHL
NFL
Soccer
Sports Teams
WWE
NCAA
Football
Premier League
Basketball
Baseball
Hockey
Golf
Tennis
Cricket
Rugby
Auto Racing
Olympics
World Cup
Random Quiz
Search Sporcle
×
Quiz Lab
Quiz Lab
Sports
WWE
Type in answers that appear in a list
Type in answers that appear in a list
Classic
Best Score? Go Orange.
WWE Royal Rumble shortest Time in the Ring Stats
Can you name the WWE Royal Rumble shortest Time in the Ring for each year? (full ring name for each superstar)
By
AldeaMalvada
10m
34 Questions
167 Plays
167 Plays
167 Plays
Comments
Comments
Give Quiz Kudos
Give Quiz Kudos
-
- Ratings
hide this ad
Replay
Link that replays current quiz
Next Quiz
Link to next quiz in quiz playlist
You Got
0%
They Got
Avg Score
40%
Avg Friend Score
Upgrade to see
Score Distribution
Jump to the score distribution portion of the page
Score
0/34
Timer
10:00
0
Plays Today
Year
Wrestler
% Correct
2009 -
Eliminated by Kane after 1,9 seconds
Santino Marella
89.8%
2018 -
Eliminated by Heath Slater after 2 seconds
Sheamus
83.6%
1989 -
Eliminated by Hulk Hogan after 2 seconds
The Warlord
63.3%
2007 -
Eliminated by The Great Khali after 7 seconds
The Miz
61.4%
1991 -
Eliminated by Earthquake after 4 seconds
Bushwhacker Luke
57.2%
2015 -
Eliminated by Roman Reigns & Dean Ambrose after 4 seconds
Titus O'Neil
54.1%
1995 -
Eliminated by The British Bulldog after 3 seconds
Owen Hart
52.4%
1997 -
Eliminated by Bret Hart after 4 seconds
Jerry Lawler
51.8%
2010 -
Eliminated himself after 7 seconds
MVP
50%
1995 -
Eliminated by King Kong Bundy after 3 seconds
Mo
48.8%
2017 -
Eliminated by Braun Strowman after 15 seconds
James Ellsworth
48.8%
2013 -
Eliminated by Dolph Ziggler after 5 seconds
The Godfather
46.4%
1999 -
Eliminated by Edge after 7 seconds
Gillberg
44%
2004 -
Eliminated by Matt Morgan after 19 seconds
The Hurricane
43.4%
2002 -
Eliminated by Steve Austin after 33 seconds
Booker T
42.2%
2006 -
Eliminated by Chris Benoit after 18 seconds
Booker T
42.2%
2019 -
Eliminated by Samoa Joe after 2 seconds
No Way Jose
41.8%
Year
Wrestler
% Correct
2001 -
Eliminated by Kane after 9 seconds
Tazz
41.6%
2008 -
Eliminated by Shawn Michaels after 18 seconds
Shelton Benjamin
41.6%
2016 -
Eliminated by Brock Lesnar after 15 seconds
Jack Swagger
38.8%
2014 -
Eliminated by Roman Reigns after 21 seconds
John Bradshaw Layfield
38.6%
1990 -
Eliminated by The Ultimate Warrior after 12 seconds
Shawn Michaels
38%
1994 -
Eliminated by Diesel after 14 seconds
Billy Gunn
35.5%
2005 -
Eliminated by Shawn Michaels after 20 seconds
Simon Dean
35.5%
1988 -
Eliminated by Ron Bass after 2:08 minutes
Junkyard Dog
34.3%
2012 -
Eliminated by Mick Foley after 11 seconds
Epico
32.5%
2011 -
Eliminated by CM Punk after 34 seconds
Tyler Reks
31.9%
2003 -
Eliminated by Edge after 24 seconds
B-2
30.1%
2000 -
Eliminated by Big Boss Man after 18 seconds
Faarooq
29.5%
1998 -
Eliminated by Mick Foley & Terry Funk after 12 seconds
Tom Brandi
28.3%
1992 -
Eliminated by Big Boss Man after 56 seconds
Hercules
27.7%
2006 -
Eliminated by Bobby Lashley after 18 seconds
Sylvan
26.5%
1996 -
Eliminated by Yokozuna after 24 seconds
Squat Team #2
21.1%
1993 -
Eliminated by Ted DiBiase Sr. after 24 seconds
Terry Taylor
17.5%
Quiz Playlist
Details
Report
Send in Message
Add To Playlist
Classic:
Type in answers that appear in a list
Last Updated: Aug 29, 2017
Quiz Scoreboard
CHALLENGE
Sign Up to Join the Scoreboard
Show All
Scores
Hide
Comments
May contain spoilers
Recently Published
Colored Red Africa Blitz
by spor1
Geography
30s
Find the 'City' Movie
by crazypaving
Movies
60s
5x2 Blitz: Bands
by SL_Kpop136
Music
30s
More to Explore
Quiz From the Vault
Featured Blog Post
14 Easter Pick-up Lines to Find Eggs With
hide this ad
You Might Also Like...
Tags
WWE Quiz
Ring
Royal
rumble
shortest
Wrestlers
Today's Top Quizzes in Sports
Browse Sports
hide this ad
Today's Top Quizzes in WWE
Browse WWE
Top Contributed Quizzes in Sports
1
Les meilleurs buteurs des matchs entre le PSG et l’OM
2
Les entraîneurs de l'OM et du PSG au 21e siècle
3
Les joueurs passés par le PSG et l'OM
4
2022 World Cup Stars
5
Players with Multiple 50 Home Run Seasons
6
Criteria MLB: Left Handed Sluggers
7
MLB Players with Two .350 Batting Average Seasons
8
Les joueurs passés par le LOSC et le RC Lens
9
NBA Logic Puzzle 2.0
10
Top 10 NHL Goal Scorers of All Time
Explore More
Trending Topics
Marvel
Kpop
Anime
Harry Potter
Crossword
Disney
NBA
NFL
The Office
Puzzle
Country
Song
Pokémon
WWE
Soccer
hide this ad
More By:
AldeaMalvada
Quiz
Plays
Rating
Category
Featured
Created
Current WWE/NXT Roster: April 2018
15,021
4.53
Sports
Nov 22, 2014
F1 Race Winners as of 2021
2,881
4.13
Sports
Jun 8, 2014
Most F1 starts per decade
2,148
4.69
Sports
Jul 18, 2017
F1 Circuits: In which country?
1,607
4.83
Sports
Jun 29, 2017
Character deaths in GTA 5
1,058
Gaming
Sep 28, 2016
Go to Creator's Profile
Score Distribution
Quiz Creator Spotlight
AldeaMalvada
Follow
Send a Message
Quizzes Created
-
Created Quiz Play Count
-
More By This Creator
Popular Quizzes Today
1
Colored Red Africa Blitz
2
Find the US States - No Outlines Minefield
3
Find the 'City' Movie
4
5x2 Blitz: Bands
5
The Countries of the World
6
Find the US States
7
Find the Countries of Europe - No Outlines Minefield
8
US States
More Sports Quizzes
NBA Franchises with 5 NBA Championships
Quiz Lab
Trending Quizzes
Colored Red Europe Blitz I
Colored Red Europe Blitz II
Colored Red Africa Blitz II
Colored Red Europe Blitz III
Colored Red Africa Blitz III
Recently Updated
How Do You Spell That?
pecheneg
Godzilla Movies
pecheneg
Grab Bag: 4-10 Letters
pecheneg
2024 March Madness Bracket
pecheneg
Famous TV Couples
Peacemaker
Champions League XIs: Real Madrid
pecheneg
Largest US Cities 1790-2010
pecheneg
Rides in Walt Disney World
pecheneg
Most Oscar Losses (Acting)
pecheneg
Beyoncé Albums
pecheneg
Trending Topics
Kpop
Crossword
Disney
Marvel
Anime
Harry Potter
NBA
WWE
Song
Soccer
Country
Puzzle
The Office
Pokémon
NFL
Your Account Isn't Verified!
In order to create a playlist on Sporcle, you need to verify the email address you used during registration. Go to your
Sporcle Settings
to finish the process.
Report this User
Report this user for behavior that violates our
Community Guidelines
.
Details:
Send Report
Go to the Sporcle.com Mobile Site →
Comments